000 00682nam a2200217Ia 4500
001 2754
003 GE_BSU
008 181216s||||||||xx |||||||||||||| ||und||
020 _a9789941200380
040 _cGE_BSU
080 _a548.1(075.8)
100 _aძიგრაშვილი, თ.
245 _aთეორიული კრისტალოგრაფიის შესავალი სტუ.
260 _aთბილისი
260 _bტექნიკ. უნ–ტი
260 _c2012
300 _a125 გტვ. 27 სმ.
541 _h12 ლ.
653 _aთეორიული კრისტალოგრაფია
942 _cBK
999 _c36812
_d36812